| 000 | 00587nam a22002057a 4500 | ||
|---|---|---|---|
| 999 |
_c6217 _d6217 |
||
| 003 | OSt | ||
| 005 | 20240930120639.0 | ||
| 008 | 130510s2008 sp ||||| |||| 00| 0 cat d | ||
| 020 | _a9788493536091 | ||
| 040 |
_cCDMR _bcat |
||
| 100 | 1 |
_93395 _aAira, Toni |
|
| 245 | 1 | 0 |
_aMàrqueting polític _b: l'art de guanyar eleccions : del cartell a Youtube _cToni Aira |
| 260 |
_aBarcelona _bTrípodos _c2008 |
||
| 300 | _a241 p. | ||
| 490 | 0 |
_aPapers d'Estudi _v21 |
|
| 650 | 0 | 4 |
_93324 _aComunicació en la política |
| 650 | 0 | 4 |
_93396 _aMàrqueting |
| 650 | 0 | 4 |
_93177 _aPropaganda |
| 942 |
_2udc _cMON |
||